[Event "Wch Amateurs U2300"]
[Site "Rhodes"]
[Date "2024.10.30"]
[Round "4"]
[White "Putz, Philippe Marco"]
[Black "Tarraga Navarro, Pablo"]
[Result "1/2-1/2"]
[WhiteElo "1946"]
[BlackElo "2063"]
[PlyCount "91"]
[EventDate "2024.10.27"]
[EventType "swiss"]
[EventRounds "9"]
[EventCountry "GRE"]
[SourceTitle "CB45_2024"]
[Source "ChessBase"]
[SourceDate "2024.11.06"]
[SourceVersion "1"]
[SourceVersionDate "2024.11.06"]
[SourceQuality "1"]

1. d4 Nf6 2. c4 e6 3. Nf3 b6 4. g3 Ba6 5. b3 d5 6. Bg2 Bb4+ 7. Bd2 Be7 8. Bc3 Ne4 9. Bb2 c6 10. 0-0 Nd7 11. Nfd2 Nd6 12. e4 dxc4 13. e5 c3 14. Nxc3 Nf5 15. Nc4 b5 16. Nd6+ Bxd6 17. exd6 b4 18. Ne2 Qb6 19. Re1 0-0 20. Rc1 Rac8 21. Nf4 Nf6 22. Nh5 Nd5 23. Be4 Kh8 24. Bxf5 exf5 25. Qf3 Qd8 26. Nf4 Qxd6 27. Nxd5 Qxd5 28. Qxd5 cxd5 29. a3 Rfe8 30. Rxe8+ Rxe8 31. axb4 Bd3 32. Bc3 g5 33. Bd2 h6 34. Rc3 Bb5 35. Rc5 Bd3 36. Rc3 Be2 37. Re3 Re4 38. Kg2 Bd1 39. f3 Re6 40. Rxe6 fxe6 41. f4 gxf4 42. Bxf4 Kg7 43. Kf2 Kg6 44. Ke3 Bxb3 45. Bb8 a6 46. Kf4 1/2-1/2

[Event "Wch Amateurs U2300"]
[Site "Rhodes"]
[Date "2024.10.27"]
[Round "1"]
[White "Bartelt, Max Peter"]
[Black "Putz, Philippe Marco"]
[Result "0-1"]
[WhiteElo "2155"]
[BlackElo "1946"]
[PlyCount "53"]
[EventDate "2024.10.27"]
[EventType "swiss"]
[EventRounds "9"]
[EventCountry "GRE"]
[SourceTitle "CB45_2024"]
[Source "ChessBase"]
[SourceDate "2024.11.06"]
[SourceVersion "1"]
[SourceVersionDate "2024.11.06"]
[SourceQuality "1"]

1. d4 Nf6 2. Bg5 d5 3. Bxf6 gxf6 4. Nc3 c5 5. e3 Nc6 6. Qh5 e6 7. 0-0-0 cxd4 8. exd4 Bd7 9. f4 f5 10. g4 fxg4 11. Re1 Qa5 12. f5 0-0-0 13. fxe6 Bxe6 14. Be2 Ba3 15. bxa3 Qxc3 16. Rd1 Qa1+ 17. Kd2 Qxd4+ 18. Kc1 Qe4 19. Nf3 Qxe2 20. Nd2 Qe3 21. Kb2 d4 22. Qc5 Rd5 23. Qc4 Ra5 24. Qd3 Qe5 25. Rhe1 Qxh2 26. Nc4 Rc5 27. Nd6+ 0-1